Lettres / (Record no. 96967)

MARC details
000 -LEADER
campo de control de longitud fija 00601nam a2200193 i 4500
001 - NÚMERO DE CONTROL
campo de control 96967
003 - IDENTIFICADOR DE NÚMERO DE CONTROL
campo de control ES-MaACL
005 - FECHA Y HORA DE LA ÚLTIMA TRANSACCIÓN
campo de control 20240507215614.0
007 - CAMPO FIJO DE DESCRIPCIÓN FÍSICA--INFORMACIÓN GENERAL
campo de control de longitud fija t|
008 - DATOS DE LONGITUD FIJA--INFORMACIÓN GENERAL
campo de control de longitud fija 050705s1933 fr ||||1| fre d
100 1# - ENTRADA PRINCIPAL--NOMBRE DE PERSONA
Nombre de persona Mansfield, Katherine.
9 (RLIN) 76116
245 10 - MENCIÓN DEL TÍTULO
Título Lettres /
Mención de responsabilidad, etc. Katherine Mansfield ; traduit par Madeleine T. Gueritte ; preface de Gabriel Marcel.
260 ## - PUBLICACIÓN, DISTRIBUCIÓN, ETC.
Lugar de publicación, distribución, etc. Paris :
Nombre del editor, distribuidor, etc. [s.n.],
Fecha de publicación, distribución, etc. 1933 (
Fabricante E. Grevin)
300 ## - DESCRIPCIÓN FÍSICA
Extensión 349 p. ;
Dimensiones 19 cm.
700 1# - ENTRADA AGREGADA--NOMBRE PERSONAL
Nombre de persona Guéritte, Madeleine T.
9 (RLIN) 60471
700 1# - ENTRADA AGREGADA--NOMBRE PERSONAL
Nombre de persona Marcel, Gabriel,
Fechas asociadas al nombre 1889-1973
9 (RLIN) 156691
852 ## - LOCALIZACIÓN
Ubicación ES-MaACL
Número de control de estantería A-3719
Holdings
Estatus retirado Estado de pérdida Estado de daño No para préstamo Biblioteca de origen Biblioteca actual Ubicación en estantería Fecha de adquisición Fuente de adquisición Total de préstamos Signatura topográfica completa Código de barras Visto por última vez Precio de reemplazo Tipo de ítem Koha
        Biblioteca del Ateneo de Madrid Biblioteca del Ateneo de Madrid Sala Pecera Planta 1 17/01/2008     A-3719 1101230 23/02/2023 23/02/2023 Libro impreso